| 000 | 00820nam a22002657a 4500 | ||
|---|---|---|---|
| 001 | BR8708048 | ||
| 003 | BR-BrBNA | ||
| 005 | 20230928092755.0 | ||
| 007 | ta | ||
| 008 | 230509b bl.||||| |||| 00| 0 por d | ||
| 040 |
_aBR-BrBNA _bpor _cBiblioteca Nacional de Agricultura |
||
| 041 | _a(Por) | ||
| 072 | _aP10 | ||
| 090 | _ P10 BR8708048 | ||
| 110 | 1 | _aEmpresa de Assistencia Tecnica e Extensao Rural do Rio Grande do Sul, Porto Alegre (Brasil) | |
| 245 | 1 | _aHigiene traz saude. Cuide dos arredores da casa. Construa um Sumidouro para o destino das aguas servidas | |
| 260 | 3 |
_aPorto Alegre, RS (Brasil): _c1985. |
|
| 300 | _a3 p. | ||
| 500 | _a9 illus. | ||
| 650 | _aAGUAS RESIDUAIS | ||
| 650 | _aTRATAMENTO DA AGUA | ||
| 650 | _aSANEAMENTO RURAL | ||
| 909 |
_a202309 _bLucia _c55 _dLucia Elande |
||
| 942 | _cBK | ||
| 999 |
_c41111 _d41111 |
||